000 00516nam a2200169 i 4500
001 46506
003 ES-MaACL
005 20230906161409.0
007 t|
008 030331s1934 sp ||||1| spa d
100 1 _aComet, César A.
_940002
245 1 0 _aTalismán de distancias
_b: poemas /
_cCesar A. Comet.
260 _aMadrid :
_b[Ferreira],
_c1934.
300 _a160 p. ;
_c22 cm.
852 _aES-MaACL
_j1816-F-7
_z.- Dedicatoria manuscrita del autor a Bernardo G. de Candamo
852 _aES-MaACL
_j1805-F-3
999 _c46506
_d46506